书目信息 |
| 题名: |
长江中下游湖泊环境地球化学与富营养化
|
|
| 作者: | 范成新 , 王春霞 主编 | |
| 分册: | ||
| 出版信息: | 北京 科学出版社 2007 |
|
| 页数: | 11,463页 | |
| 开本: | 25cm | |
| 丛书名: | ||
| 单 册: | ||
| 中图分类: | X524 | |
| 科图分类: | ||
| 主题词: | ||
| 电子资源: | ||
| ISBN: | 978-7-03-017828-2 | |
| 000 | 01033nam0 2200253 450 | |
| 001 | 012004106114 | |
| 005 | 20070805151404.85 | |
| 009 | 012004106114 | |
| 010 | @a978-7-03-017828-2@b精装@dCNY75.00 | |
| 100 | @a20070129d2007 em y0chiy0110 ea | |
| 101 | 0 | @achi |
| 102 | @aCN@b110000 | |
| 105 | @ab z 000yy | |
| 106 | @ar | |
| 200 | 1 | @a长江中下游湖泊环境地球化学与富营养化@Achang jiang zhong xia you hu bo huan jing de qiu hua xue yu fu ying yang hua@f范成新, 王春霞主编@Ffan cheng xin , wang chun xia zhu bian |
| 210 | @a北京@c科学出版社@d2007 | |
| 215 | @a11,463页@c地图@d25cm | |
| 330 | @a本书主要内容包括:湖泊历史时期营养本底的定量重建及人类作用下的湖泊环境响应;湖泊沉积物中营养元素生物可利用性及其界面环境化学行为和释放风险;湖泊动力在悬浮发生过程、悬浮质垂向分布和氮、磷等营养物在颗粒物上的行为等。 | |
| 607 | @a长江流域@x淡水湖@x环境地球化学@x研究 | |
| 690 | @aX524@v4 | |
| 701 | 0 | @a范成新@Afan cheng xin@4主编 |
| 701 | 0 | @a王春霞@Awang chun xia@4主编 |
| 801 | 0 | @aCN@b110017@c20070805 |
| 905 | @dX524@e82@f1 | |
| 长江中下游湖泊环境地球化学与富营养化/范成新, 王春霞主编.-北京:科学出版社,2007 |
| 11,463页:地图;25cm |
| ISBN 978-7-03-017828-2(精装):CNY75.00 |
| 本书主要内容包括:湖泊历史时期营养本底的定量重建及人类作用下的湖泊环境响应;湖泊沉积物中营养元素生物可利用性及其界面环境化学行为和释放风险;湖泊动力在悬浮发生过程、悬浮质垂向分布和氮、磷等营养物在颗粒物上的行为等。 |
| ● |
| 相关链接 |
|
|
|
|
正题名:长江中下游湖泊环境地球化学与富营养化
索取号:X524/82
 
预约/预借
| 序号 | 登录号 | 条形码 | 馆藏地/架位号 | 状态 | 备注 |
| 1 | 0851630 | 208516300 | 第二样本阅览室/ [索取号:X524/82] | 在馆 |